Macmillan english grammar in context advance (Registro nro. 11102)
[ vista simple ]
| 000 -CABECERA | |
|---|---|
| campo de control de longitud fija | 00583nam a22002297a 4500 |
| 005 - FECHA Y HORA DE ACTUALIZACIÓN | |
| campo de control | 20180904133118.0 |
| 008 - LONGITUD FIJA | |
| campo de control de longitud fija | 180903b xxu||||| |||| 00| 0 spa d |
| 020 ## - INTERNATIONAL STANDARD BOOK NUMBER | |
| Número Internacional Estándar del Libro | 9781405070522 |
| 041 ## - IDIOMA | |
| Código de idioma del texto/pista de sonido o título separado | |
| 082 ## - CLASIFICACIÓN DECIMAL DEWEY | |
| Número de clasificación | 428 V767ma |
| 100 ## - AUTOR PERSONAL | |
| Nombre de persona | Vince, Michael |
| 245 ## - TÍTULO PROPIAMENTE DICHO | |
| Título | Macmillan english grammar in context advance |
| 260 ## - PIE DE IMPRENTA | |
| Lugar de publicación, distribución, etc. | Estados Unidos |
| 260 ## - PIE DE IMPRENTA | |
| Nombre del editor, distribuidor, etc. | Macmillan |
| 260 ## - PIE DE IMPRENTA | |
| Fecha de publicación, distribución, etc. | 2008 |
| 300 ## - DESCRIPCIÓN FÍSICA | |
| Extensión | 224 páginas |
| 505 ## - Nota de Contenido | |
| Nota de contenido | Contiene disco compacto N 794 |
| 650 ## - Materia General | |
| Materia general | INGLÉS |
| 650 ## - Materia General | |
| Materia general | ENSEÑANZA |
| 650 ## - Materia General | |
| Materia general | GRAMÁTICA |
| 942 ## - Punto de Acceso Adicional Koha | |
| Tipo de ítem Koha | Libro |
| Estado perdido | Estado dañado | No para préstamo | Biblioteca permanente | Biblioteca actual | Signatura completa | Código de barras | Precio efectivo a partir del | Tipo de ítem | En préstamo |
|---|---|---|---|---|---|---|---|---|---|
| Departamento de Biblioteca y Documentación Alfonso Chase Brenes | Departamento de Biblioteca y Documentación Alfonso Chase Brenes | 428 V767ma | 23419 | 03/09/2018 | Libro | ||||
| Departamento de Biblioteca y Documentación Alfonso Chase Brenes | Departamento de Biblioteca y Documentación Alfonso Chase Brenes | 428 V767ma | 23420 | 03/09/2018 | Libro | ||||
| Departamento de Biblioteca y Documentación Alfonso Chase Brenes | Departamento de Biblioteca y Documentación Alfonso Chase Brenes | 428 V767ma | 23421 | 03/09/2018 | Libro | 11/06/2026 | |||
| Departamento de Biblioteca y Documentación Alfonso Chase Brenes | Departamento de Biblioteca y Documentación Alfonso Chase Brenes | 428 V767ma | 23422 | 03/09/2018 | Libro | ||||
| Departamento de Biblioteca y Documentación Alfonso Chase Brenes | Departamento de Biblioteca y Documentación Alfonso Chase Brenes | 794 DC | 794ADC | 04/09/2018 | Disco Compacto | ||||
| Departamento de Biblioteca y Documentación Alfonso Chase Brenes | Departamento de Biblioteca y Documentación Alfonso Chase Brenes | 794 DC | 794BDC | 04/09/2018 | Disco Compacto | ||||
| Departamento de Biblioteca y Documentación Alfonso Chase Brenes | Departamento de Biblioteca y Documentación Alfonso Chase Brenes | 794 DC | 794CDC | Disco Compacto | |||||
| Departamento de Biblioteca y Documentación Alfonso Chase Brenes | Departamento de Biblioteca y Documentación Alfonso Chase Brenes | 794 DC | 794DDC | 04/09/2018 | Libro |